| 000 | 00831nmc a2200313 a 4500 | ||
|---|---|---|---|
| 003 | AR-BaBNM | ||
| 005 | 20251128203343.0 | ||
| 008 | 027119s1987 ||||||||||||||000 | spa|| | ||
| 020 | _a968-16-2761-X | ||
| 040 | _cAR-BaBNM | ||
| 100 | 1 | _aChabod, Federico | |
| 245 | 1 | 0 | _aLa idea de nación |
| 260 |
_aMéxico, D.F. _bFondo de Cultura Económica _c1987 |
||
| 300 | _a237 p. | ||
| 490 | 0 |
_aBreviarios _vv. 453 |
|
| 500 | _aApéndice p. 169-236 | ||
| 600 | 1 | 4 | _aMaquiavelo, Nicolás |
| 600 | 1 | 4 | _aRousseau, Jean-Jacques |
| 650 | 4 | _aESTADO | |
| 650 | 4 | _aCIENCIAS POLITICAS | |
| 650 | 4 | _aDERECHOS DE LOS ESTADOS | |
| 650 | 4 | _aRESPONSABILIDAD DEL ESTADO | |
| 650 | 4 | _aSISTEMAS POLITICOS | |
| 650 | 4 | _aGOBIERNO | |
| 650 | 4 | _aNACIONES | |
| 700 | 1 |
_aMastrangelo, Stella _etraductor |
|
| 942 | _cBK | ||
| 998 | _cmariana | ||
| 999 |
_c3019 _d3019 |
||